| 000 | 00793cab a2200265 4500 | ||
|---|---|---|---|
| 001 | ABS56040 | ||
| 008 | 090401t1996 xxu||||| |||| 00| 0 eng d | ||
| 035 | _a(Sirsi) u20619 | ||
| 041 | _aeng | ||
| 100 | _aMatheou, M. | ||
| 245 | 4 | _aThe windfalls of fraud | |
| 260 | _c1996 | ||
| 350 | _a0 | ||
| 490 |
_aBuilding _v261(7964) 1 November 1996, 32(1) |
||
| 520 | _aCompares being deceitful with being negligent, an important distinction where claims for fraud can involve a windfall payment to the victim. | ||
| 650 | _aDECEIT | ||
| 650 | _aFRAUD | ||
| 650 | _aGALLERIA | ||
| 650 | _aNEGLIGENCE | ||
| 650 | _aSLOUGH ESTATES V WELWYN HATFIELD DC | ||
| 650 | _aSOUTH AUSTRALIA ASSET MANAGEMENT CORPORATION V YORK MONTAGUE | ||
| 690 | _aLAW | ||
| 942 | _n0 | ||
| 948 | _c04/03/1997 | ||
| 999 |
_c13812 _d13812 |
||